00956nam a22002177a 450000500170000001000150001702000270003203500140005903700090007308200180008210000220010024501180012226000460024027001140028630000480040070000440044870000360049294200300052899900190055895201610057720251217122113.0 aENG-147364 a9788198307224c3704.00 aEN-130896 bDBAD00a589.29546321 aDas, Kanad98612500a400 Wild Mushrooms of India:bAn Illustrated Field Guide/cKanad Das; Dyutiparna Chakraborty [and] Sudeshna Datta aKolkatabBotanical Survey of India,c2025 aCGo Complex, 3rd MSO Building, Block F,5th & 6th Floor, DF- Block, Sector-I, Salt Lake City bKolkatae700064 a457p.bill. (some col.), maps ;c25 cm.(Hb) aChakraborty, Dyutiparna eAuthor986126 aDatta, Sudeshna eAuthor986127 2ddccENh589.295463 mDAS c213953d213953 001040708REFaJPbJPd2025-12-17eDelivery of Books Act Divisiong3704.00l0o589.295463 DASpEN-130896r2025-12-17 00:00:00t1v3704.00w2025-12-17yEN